<?xml version="1.0" encoding="UTF-8"?>
<record
    xmlns:xsi="http://www.w3.org/2001/XMLSchema-instance"
    xsi:schemaLocation="http://www.loc.gov/MARC21/slim http://www.loc.gov/standards/marcxml/schema/MARC21slim.xsd"
    xmlns="http://www.loc.gov/MARC21/slim">

  <leader>01442nam1a22003131i 4500</leader>
  <controlfield tag="001">rc\2852410</controlfield>
  <controlfield tag="005">20240726085211.0</controlfield>
  <datafield tag="035" ind1=" " ind2=" ">
    <subfield code="a">(NLR Aleph) 007007196</subfield>
  </datafield>
  <datafield tag="090" ind1=" " ind2=" ">
    <subfield code="a">5778428</subfield>
    <subfield code="c">5778428</subfield>
  </datafield>
  <datafield tag="100" ind1=" " ind2=" ">
    <subfield code="a">20110705d1931    |||y0rusy50      ca</subfield>
  </datafield>
  <datafield tag="101" ind1="1" ind2=" ">
    <subfield code="a">rus</subfield>
    <subfield code="c">fre</subfield>
  </datafield>
  <datafield tag="102" ind1=" " ind2=" ">
    <subfield code="a">RU</subfield>
  </datafield>
  <datafield tag="105" ind1=" " ind2=" ">
    <subfield code="a">y   z   |||||</subfield>
  </datafield>
  <datafield tag="200" ind1="1" ind2=" ">
    <subfield code="a">&#x420;&#x443;&#x43A;&#x43E;&#x432;&#x43E;&#x434;&#x441;&#x442;&#x432;&#x43E; &#x43F;&#x43E; &#x43F;&#x430;&#x442;&#x43E;&#x43B;&#x43E;&#x433;&#x438;&#x438; &#x438; &#x442;&#x435;&#x440;&#x430;&#x43F;&#x438;&#x438; &#x432;&#x43D;&#x443;&#x442;&#x440;&#x435;&#x43D;&#x43D;&#x438;&#x445; &#x431;&#x43E;&#x43B;&#x435;&#x437;&#x43D;&#x435;&#x439;</subfield>
    <subfield code="f">&#x424;. &#x411;&#x435;&#x437;&#x430;&#x43D;&#x441;&#x43E;&#x43D;, &#x41C;. &#x41B;&#x430;&#x431;&#x431;&#x44D;, &#x41B;. &#x411;&#x435;&#x440;&#x43D;&#x430;&#x440;, &#x416;.&#x410;. &#x421;&#x438;&#x43A;&#x430;&#x440;</subfield>
    <subfield code="g">&#x41F;&#x435;&#x440;. &#x441; &#x444;&#x440;. &#x43F;&#x43E;&#x434; &#x43E;&#x431;&#x449;. &#x440;&#x435;&#x434;. &#x43F;&#x440;&#x43E;&#x444;. &#x41C;.&#x41F;. &#x41A;&#x43E;&#x43D;&#x447;&#x430;&#x43B;&#x43E;&#x432;&#x441;&#x43A;&#x43E;&#x433;&#x43E;</subfield>
  </datafield>
  <datafield tag="210" ind1=" " ind2=" ">
    <subfield code="a">&#x41C;&#x43E;&#x441;&#x43A;&#x432;&#x430;</subfield>
    <subfield code="a">&#x41B;&#x435;&#x43D;&#x438;&#x43D;&#x433;&#x440;&#x430;&#x434;</subfield>
    <subfield code="c">&#x41E;&#x433;&#x438;&#x437; - &#x433;&#x43E;&#x441;. &#x43C;&#x435;&#x434;. &#x438;&#x437;&#x434;.</subfield>
    <subfield code="d">1931</subfield>
    <subfield code="e">[&#x41C;&#x43E;&#x441;&#x43A;&#x432;&#x430;]</subfield>
    <subfield code="g">16-&#x44F; &#x442;&#x438;&#x43F;. &#x423;&#x41F;&#x41F; &#x41E;&#x433;&#x438;&#x437;</subfield>
  </datafield>
  <datafield tag="215" ind1=" " ind2=" ">
    <subfield code="d">20&#xD7;14 &#x441;&#x43C;</subfield>
  </datafield>
  <datafield tag="300" ind1=" " ind2=" ">
    <subfield code="a">&#x41D;&#x430; &#x43E;&#x431;&#x43E;&#x440;&#x43E;&#x442;&#x435; &#x434;&#x43E;&#x431;. &#x442;&#x438;&#x442;. &#x43B;.: F. Besancon, Marcel Labb&#xE9;, L&#xE9;on Bernard, J.-A. Sicard. "Pr&#xE9;cis de pathologie m&#xE9;dicale".</subfield>
  </datafield>
  <datafield tag="300" ind1=" " ind2=" ">
    <subfield code="a">&#x41D;&#x430; &#x43F;&#x435;&#x440;&#x435;&#x43F;&#x43B;&#x435;&#x442;&#x435; &#x430;&#x432;&#x442;&#x43E;&#x440;&#x44B; &#x43D;&#x435; &#x443;&#x43A;&#x430;&#x437;&#x430;&#x43D;&#x44B;</subfield>
  </datafield>
  <datafield tag="300" ind1=" " ind2=" ">
    <subfield code="a">&#x412; &#x43A;&#x43E;&#x43B;&#x435;&#x43D;&#x43A;&#x43E;&#x440;&#x43E;&#x432;&#x43E;&#x43C; &#x43F;&#x435;&#x440;&#x435;&#x43F;&#x43B;&#x435;&#x442;&#x435; &#x441; &#x437;&#x43E;&#x43B;&#x43E;&#x442;&#x44B;&#x43C; &#x442;&#x438;&#x441;&#x43D;&#x435;&#x43D;&#x438;&#x435;&#x43C;</subfield>
  </datafield>
  <datafield tag="513" ind1="0" ind2="0">
    <subfield code="a">Pr&#xE9;cis de pathologie m&#xE9;dicale</subfield>
    <subfield code="z">fre</subfield>
  </datafield>
  <datafield tag="701" ind1=" " ind2="1">
    <subfield code="a">&#x411;&#x435;&#x437;&#x430;&#x43D;&#x441;&#x43E;&#x43D;</subfield>
    <subfield code="b">&#x424;.</subfield>
  </datafield>
  <datafield tag="701" ind1=" " ind2="1">
    <subfield code="a">&#x41B;&#x430;&#x431;&#x431;&#x44D;</subfield>
    <subfield code="b">&#x41C;.</subfield>
  </datafield>
  <datafield tag="701" ind1=" " ind2="1">
    <subfield code="a">&#x411;&#x435;&#x440;&#x43D;&#x430;&#x440;</subfield>
    <subfield code="b">&#x41B;.</subfield>
  </datafield>
  <datafield tag="701" ind1=" " ind2="1">
    <subfield code="a">&#x421;&#x438;&#x43A;&#x430;&#x440;</subfield>
    <subfield code="b">&#x416;.&#x410;.</subfield>
  </datafield>
  <datafield tag="702" ind1=" " ind2="1">
    <subfield code="a">&#x41A;&#x43E;&#x43D;&#x447;&#x430;&#x43B;&#x43E;&#x432;&#x441;&#x43A;&#x438;&#x439;</subfield>
    <subfield code="b">&#x41C;.&#x41F;.</subfield>
    <subfield code="g">&#x41C;&#x430;&#x43A;&#x441;&#x438;&#x43C; &#x41F;&#x435;&#x442;&#x440;&#x43E;&#x432;&#x438;&#x447;</subfield>
    <subfield code="4">340</subfield>
  </datafield>
  <datafield tag="801" ind1=" " ind2="0">
    <subfield code="a">RU</subfield>
    <subfield code="b">NLR</subfield>
    <subfield code="g">psbo</subfield>
  </datafield>
  <datafield tag="801" ind1=" " ind2="1">
    <subfield code="a">RU</subfield>
    <subfield code="b">ELAR</subfield>
    <subfield code="2">rusmarc</subfield>
  </datafield>
  <datafield tag="852" ind1=" " ind2=" ">
    <subfield code="a">NLR</subfield>
    <subfield code="j">31-17/426(3)</subfield>
  </datafield>
  <datafield tag="942" ind1=" " ind2=" ">
    <subfield code="c">BOOK</subfield>
  </datafield>
</record>
